Analog Communication Systems (Record no. 177579)

MARC details
000 -LEADER
fixed length control field 00425nam a2200181Ia 4500
008 - FIXED-LENGTH DATA ELEMENTS--GENERAL INFORMATION
fixed length control field 240823s9999||||xx |||||||||||||| ||und||
082 ## - DEWEY DECIMAL CLASSIFICATION NUMBER
-- 621.382 P6
100 ## - MAIN ENTRY--PERSONAL NAME
Personal name Sanjay Sharma
245 #0 - TITLE STATEMENT
Title Analog Communication Systems
250 ## - EDITION STATEMENT
Edition statement 3rd
260 ## - PUBLICATION, DISTRIBUTION, ETC. (IMPRINT)
Date of publication, distribution, etc 2006
Name of publisher, distributor, etc "Kataria S K,"
Place of publication, distribution, etc Delhi
500 ## - GENERAL NOTE
General note LOST
650 ## - SUBJECT ADDED ENTRY--TOPICAL TERM
Topical term or geographic name as entry element Analog
942 ## - ADDED ENTRY ELEMENTS (KOHA)
Item type Books
Holdings
Withdrawn status Lost status Damaged status Permanent location Current location Shelving location Date acquired Source of acquisition Cost, normal purchase price Full call number Barcode Date last seen Koha item type
  Lost and paid for   CENTRAL LIBRARY, NOORUL ISLAM CENTRE FOR HIGHER EDUCATION CENTRAL LIBRARY, NOORUL ISLAM CENTRE FOR HIGHER EDUCATION   08/23/2007 Sudarsan Books 175.00 621.382 P6 31087 08/23/2024 Books
Visitors:
Copyright © 2024 Central Library NICHE.  All rights reserved.